[Event "Pardubice Kraj op-G"]
[Site "Pardubice"]
[Date "2020.09.23"]
[Round "4"]
[White "Kapoun, Vit"]
[Black "Krouzel, Jaroslav"]
[Result "1/2-1/2"]
[WhiteElo "1766"]
[BlackElo "2073"]
[PlyCount "92"]
[EventDate "2020.09.23"]
[EventType "swiss (rapid)"]
[EventRounds "9"]
[EventCountry "CZE"]
[SourceTitle "CBM 198 Extra"]
[Source "ChessBase"]
[SourceDate "2020.11.30"]
[SourceVersion "1"]
[SourceVersionDate "2020.11.30"]
[SourceQuality "1"]

1. e4 e6 2. d4 d5 3. exd5 exd5 4. Bd3 Bd6 5. Nf3 Ne7 6. 0-0 Bg4 7. Be3 Qd7 8. Nbd2 Nbc6 9. c3 0-0 10. Qc2 f5 11. Bg5 Rae8 12. h3 Bh5 13. Rae1 h6 14. Bxe7 Rxe7 15. Rxe7 Nxe7 16. Re1 Ng6 17. Qb3 c6 18. c4 Nf4 19. c5 Bb8 20. Ne5 Qc8 21. Ndf3 Re8 22. Qc2 g6 23. Qd2 Nxd3 24. Qxd3 Re6 25. Qd2 Bxf3 26. Nxf3 Kh7 27. Rxe6 Qxe6 28. Qe3 Qe4 29. Qxe4 fxe4 30. Nd2 Kg7 31. Kf1 Kf6 32. Ke2 Kf5 33. g3 g5 34. Nf1 Bc7 35. Ke3 h5 36. f3 exf3 37. Kxf3 g4+ 38. hxg4+ hxg4+ 39. Ke3 Bd8 40. Kd3 Bc7 41. b4 a5 42. a3 axb4 43. axb4 Bb8 44. Ne3+ Kg5 45. Nf1 Bc7 46. Ke3 Bb8 1/2-1/2

[Event "CZE-chT2D 1415"]
[Site "Czech Republic"]
[Date "2015.01.25"]
[Round "6.8"]
[White "Komarkova, Magdalena"]
[Black "Kapoun, Vit"]
[Result "1-0"]
[WhiteElo "2024"]
[BlackElo "1786"]
[PlyCount "127"]
[EventDate "2014.11.02"]
[EventType "team-tourn"]
[EventRounds "11"]
[EventCountry "CZE"]
[SourceTitle "EXT 2022"]
[Source "ChessBase"]
[SourceDate "2021.10.06"]
[SourceVersion "1"]
[SourceVersionDate "2021.10.06"]
[SourceQuality "1"]
[WhiteTeam "Policka Stefanydes"]
[BlackTeam "Usti nad Orlici"]
[WhiteTeamCountry "CZE"]
[BlackTeamCountry "CZE"]

1. e4 e6 2. d4 d5 3. Nd2 dxe4 4. Nxe4 Nf6 5. Nxf6+ Qxf6 6. Nf3 h6 7. Bd3 Bd6 8. Qe2 Nc6 9. c3 Ne7 10. 0-0 0-0 11. Ne5 Nd5 12. Qe4 g6 13. Bxh6 Re8 14. f4 Ne7 15. Rf3 Nf5 16. Bg5 Qg7 17. Ng4 Be7 18. Bxe7 Nxe7 19. Qe1 Bd7 20. Qh4 Nd5 21. Ne5 Bc6 22. Rg3 Ne7 23. Rf1 Nf5 24. Bxf5 exf5 25. Re1 Re6 26. Rge3 Be4 27. Qf2 Rae8 28. b3 c6 29. g4 f6 30. gxf5 Bxf5 31. Nf3 Qh6 32. Rxe6 Rxe6 33. Rxe6 Bxe6 34. Qh4 Qxh4 35. Nxh4 Kf7 36. Kf2 Bg4 37. Ke3 Bd1 38. Nf3 Bc2 39. Nd2 Ke6 40. Ne4 b6 41. c4 a6 42. Nc3 Kd6 43. Na4 Bb1 44. Nc3 Bc2 45. Kd2 Bf5 46. Na4 Kc7 47. Kc3 Be4 48. a3 Bf3 49. b4 Be2 50. d5 cxd5 51. cxd5 Bd1 52. Nb2 Bf3 53. Kd4 Be2 54. Nc4 Bf3 55. Nd2 Bg2 56. Ne4 f5 57. Ng5 Kd6 58. Nf7+ Ke7 59. Ne5 Kd6 60. Nc4+ Kc7 61. Ke5 b5 62. Ne3 Bf3 63. Kf6 Bh5 64. Ke7 1-0

[Event "CZE-ch U14"]
[Site "Sec u Chrudimi"]
[Date "2008.10.30"]
[Round "7"]
[White "Kapoun, Vit"]
[Black "Stodola, Marek"]
[Result "0-1"]
[WhiteElo "1360"]
[BlackElo "1579"]
[PlyCount "118"]
[EventDate "2008.10.25"]
[EventType "swiss"]
[EventRounds "9"]
[EventCountry "CZE"]
[SourceTitle "EXT 2022"]
[Source "ChessBase"]
[SourceDate "2021.10.06"]
[SourceVersion "1"]
[SourceVersionDate "2021.10.06"]
[SourceQuality "1"]

1. e4 c6 2. d4 d5 3. exd5 cxd5 4. Nc3 Nf6 5. Bg5 e6 6. Nf3 Nc6 7. Bb5 h6 8. Bh4 Be7 9. Qd3 Bd7 10. 0-0-0 a6 11. Bxc6 Bxc6 12. Ne5 Qc7 13. Bg3 Qb6 14. Nxc6 Qxc6 15. Rhe1 Rc8 16. a3 Bxa3 17. bxa3 Qxc3 18. Qxc3 Rxc3 19. Kb2 Rc4 20. f3 0-0 21. Re3 Rfc8 22. Rd2 Ne8 23. Rb3 b5 24. h4 R8c6 25. Bf2 Nd6 26. Rb4 Rxb4+ 27. axb4 Nc4+ 28. Kc1 Nxd2 29. Kxd2 Kf8 30. g4 Ke7 31. Bg3 f6 32. f4 g6 33. c3 f5 34. g5 hxg5 35. fxg5 Rc8 36. Kc2 Rf8 37. Bf4 Rh8 38. Bg3 f4 39. Bf2 f3 40. Kd3 Rf8 41. Ke3 Kd6 42. Bg3+ Kc6 43. Kf2 Kb6 44. Bd6 Rf7 45. h5 gxh5 46. Be5 Kc6 47. g6 Rf8 48. g7 Rg8 49. Kxf3 Kd7 50. Kf4 Ke7 51. Kg5 Kf7 52. Kxh5 Rxg7 53. Bxg7 Kxg7 54. Kg5 Kf7 55. Kg4 Kg6 56. Kf4 Kf6 57. Ke3 Kg5 58. Ke2 Kg4 59. Ke3 Kg3 0-1